The Endocrine system: basic science and clinical conditions. (2nd ed.) (Record no. 63813)

MARC details
000 -LEADER
fixed length control field 01533nam a2200289 a 4500
008 - FIXED-LENGTH DATA ELEMENTS--GENERAL INFORMATION
fixed length control field 120223s2010 ||||||||||||||||| || u
020 ## - INTERNATIONAL STANDARD BOOK NUMBER
International Standard Book Number 9780702033728
050 ## - LIBRARY OF CONGRESS CALL NUMBER
Classification number QP 187 Hin
100 ## - MAIN ENTRY--PERSONAL NAME
Personal name Raven, Peter
245 14 - TITLE STATEMENT
Title The Endocrine system: basic science and clinical conditions. (2nd ed.)
Statement of responsibility, etc. by Joy Hinson, Peter Raven and Shern Chew
250 ## - EDITION STATEMENT
Edition statement 2nd ed.
260 ## - PUBLICATION, DISTRIBUTION, ETC.
Place of publication, distribution, etc. Oxford
Name of publisher, distributor, etc. Churchill Livingstone/Elsevier
Date of publication, distribution, etc. 2010
300 ## - PHYSICAL DESCRIPTION
Extent [iv], 185p.: ill.
350 ## -
-- 0.00
490 ## -
-- Systems of the body
650 ## - SUBJECT ADDED ENTRY--TOPICAL TERM
Topical term or geographic name entry element ENDOCRINOLOGY--TEXTBOOKS
650 ## - SUBJECT ADDED ENTRY--TOPICAL TERM
Topical term or geographic name entry element ENDOCRINE GLANDS--TEXTBOOKS
650 ## - SUBJECT ADDED ENTRY--TOPICAL TERM
Topical term or geographic name entry element ENDOCRINE GLANDS--DISEASES--TEXTBOOKS
650 ## - SUBJECT ADDED ENTRY--TOPICAL TERM
Topical term or geographic name entry element ENDOCRINE SYSTEM--PHYSIOLOGY
650 ## - SUBJECT ADDED ENTRY--TOPICAL TERM
Topical term or geographic name entry element PHYSIOLOGY
700 ## - ADDED ENTRY--PERSONAL NAME
Personal name Chew, Shern
700 ## - ADDED ENTRY--PERSONAL NAME
Personal name Hinson, Joy
995 ## -
-- MEDICAL LIBRARY OPEN ACCESS
-- 902616
-- CBU-SCHOOL OF MEDICINE LIBRARY (Ndola)
-- 0.00
-- QP 187 Hin
-- 3
-- AVAILABLE
-- Feb 10, 2015
-- 902616
-- Medical Library Open Access Collection
995 ## -
-- MEDICAL LIBRARY OPEN ACCESS
-- 902168
-- CBU-SCHOOL OF MEDICINE LIBRARY (Ndola)
-- 0.00
-- QP 187 Hin
-- 2
-- AVAILABLE
-- Aug 21, 2013
-- 902168
-- Medical Library Open Access Collection
995 ## -
-- MICHAEL CHILUFYA SATA OPEN ACCESS
-- 903320
-- CBU-SCHOOL OF MEDICINE LIBRARY (Ndola)
-- 0.00
-- QP 187 Hin
-- 4
-- AVAILABLE
-- Jan 18, 2016
-- 903320
-- Medical Library Open Access Collection
995 ## -
-- MICHAEL CHILUFYA SATA OPEN ACCESS
-- 0.00
-- 901647
-- CBU-SCHOOL OF MEDICINE LIBRARY (Ndola)
-- 1
-- 0.00
-- QP 187 Hin
-- 1
-- AVAILABLE
-- Mar 21, 2012
-- 901647
-- Medical Library Open Access Collection
999 ## -
-- 63813
-- 63813
Holdings
Withdrawn status Lost status Source of classification or shelving scheme Damaged status Not for loan Permanent Location Current Location Shelving location Date acquired Total Checkouts Full call number Barcode Date last seen Copy number Price effective from Koha item type Total Renewals Date last checked out
          CBU-MICHAEL CHILUFYA SATA LIBRARY CBU-MICHAEL CHILUFYA SATA LIBRARY   02/01/2023   QP 187 Hin 901647 02/01/2023 4 02/01/2023 MONOGRAPH    
          CBU-SCHOOL OF MEDICINE LIBRARY, NDOLA. CBU-SCHOOL OF MEDICINE LIBRARY, NDOLA.   02/01/2023   QP 187 Hin 902616 02/01/2023 1 02/01/2023 MONOGRAPH    
          CBU-SCHOOL OF MEDICINE LIBRARY, NDOLA. CBU-SCHOOL OF MEDICINE LIBRARY, NDOLA.   02/01/2023   QP 187 Hin 902168 02/01/2023 2 02/01/2023 MONOGRAPH    
          CBU-MICHAEL CHILUFYA SATA LIBRARY CBU-SCHOOL OF MEDICINE LIBRARY, NDOLA.   02/01/2023 5 QP 187 Hin 903320 03/25/2026 3 02/01/2023 MONOGRAPH 3 10/17/2025